[Event "Liga Insular Gran Canaria 1b Ascenso"]
[Site "Las Palmas"]
[Date "2019.06.01"]
[Round "2.3"]
[White "Hernandez Guerra, Luna Yue"]
[Black "Sanchez Gonzalez, Jesus German"]
[Result "1-0"]
[WhiteElo "1679"]
[BlackElo "1686"]
[PlyCount "114"]
[EventDate "2019.05.25"]
[EventType "team-tourn"]
[EventRounds "3"]
[EventCountry "ESP"]
[SourceTitle "EXT 2021"]
[Source "ChessBase"]
[SourceDate "2020.10.23"]
[SourceVersion "1"]
[SourceVersionDate "2020.10.23"]
[SourceQuality "1"]
[WhiteTeam "Panaderia Pulido San Mateo"]
[BlackTeam "Hotel Avda de Canarias II"]
[WhiteTeamCountry "ESP"]
[BlackTeamCountry "ESP"]

1. e4 e5 2. Nf3 Nc6 3. d4 exd4 4. Bc4 Bc5 5. c3 dxc3 6. Nxc3 d6 7. 0-0 Nge7 8. Ng5 Ne5 9. Bb3 h6 10. Nf3 Bg4 11. Be3 Bxe3 12. fxe3 0-0 13. Qd2 N7g6 14. Nxe5 Nxe5 15. h3 Qh4 16. hxg4 Nxg4 17. Rf4 Qh2+ 18. Kf1 Qh1+ 19. Ke2 Qxg2+ 20. Kd3 Ne5+ 21. Kc2 Qxd2+ 22. Kxd2 g5 23. Rf5 Kg7 24. Nd5 c6 25. Nf6 Rad8 26. Rh1 Nd7 27. Ng4 Ne5 28. Nxh6 f6 29. Rff1 Rh8 30. Nf5+ Kg6 31. Ke2 Ng4 32. Rxh8 Rxh8 33. Nxd6 Rh2+ 34. Kf3 Ne5+ 35. Kg3 Rxb2 36. Ne8 Re2 37. Rxf6+ Kh7 38. Rf8 Rxe3+ 39. Kg2 g4 40. Bg8+ Kh8 41. Be6+ Kh7 42. Bf5+ Kh6 43. Rf6+ Kg5 44. Re6 Kf4 45. Nf6 Rg3+ 46. Kf2 Rf3+ 47. Ke2 Re3+ 48. Kd1 Nf3 49. Bxg4 Nd4 50. Re8 Rd3+ 51. Kc1 Ke3 52. Rh8 Rc3+ 53. Kb1 Rc4 54. e5 Kd2 55. Rh2+ Ke3 56. Rh3+ Kd2 57. Ne4+ Ke1 1-0

[Event "Liga Insular Gran Canaria 1b"]
[Site "Las Palmas"]
[Date "2019.03.23"]
[Round "4.3"]
[White "Hernandez Guerra, Luna Yue"]
[Black "Moreno Diepa, Diego"]
[Result "1-0"]
[WhiteElo "1679"]
[BlackElo "1620"]
[PlyCount "57"]
[EventDate "2019.03.02"]
[EventType "team-tourn"]
[EventRounds "7"]
[EventCountry "ESP"]
[SourceTitle "EXT 2021"]
[Source "ChessBase"]
[SourceDate "2020.10.23"]
[SourceVersion "1"]
[SourceVersionDate "2020.10.23"]
[SourceQuality "1"]
[WhiteTeam "Panaderia Pulido San Mateo"]
[BlackTeam "Guia Univac II"]
[WhiteTeamCountry "ESP"]
[BlackTeamCountry "ESP"]

1. e4 e6 2. d4 d5 3. Nd2 Nf6 4. e5 Nfd7 5. c3 c5 6. f4 Nc6 7. Ndf3 Be7 8. Bd3 cxd4 9. cxd4 g6 10. Ne2 0-0 11. 0-0 Nb6 12. Qe1 Nb4 13. Bb1 Bd7 14. a3 Nc6 15. Qg3 Na5 16. Ng5 Bxg5 17. fxg5 Bb5 18. Rf2 Qe7 19. Nf4 Rfc8 20. Bd2 Nac4 21. Bb4 Qd8 22. Qh4 Nxa3 23. Bxg6 hxg6 24. bxa3 Rc4 25. Qh6 Rac8 26. Bc5 Rc3 27. Nxe6 fxe6 28. Qxg6+ Kh8 29. Rf7 1-0

[Event "Wch U14 Girls"]
[Site "Porto Carras"]
[Date "2018.10.29"]
[Round "10.34"]
[White "Kouta, Antonia"]
[Black "Hernandez Guerra, Luna Yue"]
[Result "1/2-1/2"]
[WhiteElo "1812"]
[BlackElo "1659"]
[PlyCount "140"]
[EventDate "2018.10.20"]
[EventType "swiss"]
[EventRounds "11"]
[EventCountry "GRE"]
[SourceTitle "CBM 187 Extra"]
[Source "ChessBase"]
[SourceDate "2018.11.04"]
[SourceVersion "1"]
[SourceVersionDate "2018.11.04"]
[SourceQuality "1"]

1. e4 e6 2. d4 d5 3. Nd2 Be7 4. Bd3 c5 5. dxc5 Nf6 6. Qe2 0-0 7. Ngf3 a5 8. 0-0 Na6 9. exd5 Nxd5 10. Ne4 f5 11. Nd6 Nxc5 12. Nxc8 Rxc8 13. Bb5 Qc7 14. a3 Bf6 15. Rb1 Kh8 16. Re1 Qb6 17. Bd3 Nxd3 18. Qxd3 Rfd8 19. Qb3 Qc6 20. c3 a4 21. Qc2 h6 22. Qe2 Re8 23. Ne5 Qc7 24. Bd2 Rcd8 25. Rbd1 Bxe5 26. Qxe5 Qxe5 27. Rxe5 Nb6 28. Ree1 Nc4 29. Bc1 e5 30. Kf1 Kg8 31. Ke2 Kf7 32. Rxd8 Rxd8 33. Rd1 Rxd1 34. Kxd1 f4 35. Kc2 Na5 36. c4 Nxc4 37. Kc3 Na5 38. Bd2 Nb3 39. Be1 Nd4 40. Kc4 Ke6 41. Bc3 f3 42. g3 Nc6 43. Kd3 Kd5 44. Ke3 Nd4 45. Kd3 Nf5 46. g4 e4+ 47. Kd2 Nd4 48. Ke3 Ne6 49. Bb4 g6 50. Bc3 Nd8 51. Bg7 Nf7 52. Bf8 Ne5 53. h3 Nc4+ 54. Kf4 Nxb2 55. Bxh6 Nc4 56. Bf8 b5 57. h4 Ne5 58. Bg7 Nd3+ 59. Ke3 Ne5 60. Kf4 Nc6 61. h5 g5+ 62. Kg3 Ne5 63. h6 Ng6 64. h7 Kc4 65. Bb2 Kb3 66. Bc1 Nh8 67. Kh2 Nf7 68. Kg3 Nh8 69. Kh2 Nf7 70. Kg3 Nh8 1/2-1/2

[Event "Wch U14 Girls"]
[Site "Porto Carras"]
[Date "2018.10.27"]
[Round "8"]
[White "Lomaia, Diana"]
[Black "Hernandez Guerra, Luna Yue"]
[Result "1-0"]
[WhiteElo "1876"]
[BlackElo "1659"]
[PlyCount "107"]
[EventDate "2018.10.20"]
[EventType "swiss"]
[EventRounds "11"]
[EventCountry "GRE"]
[SourceTitle "CBM 187 Extra"]
[Source "ChessBase"]
[SourceDate "2018.11.04"]
[SourceVersion "1"]
[SourceVersionDate "2018.11.04"]
[SourceQuality "1"]

1. e4 e6 2. d4 d5 3. Nd2 Be7 4. Ngf3 Nf6 5. e5 Nfd7 6. Bd3 c5 7. c3 Nc6 8. Qe2 Qc7 9. 0-0 g5 10. Qe3 g4 11. Ne1 b6 12. Nc2 Bb7 13. f4 0-0-0 14. Kh1 Rdg8 15. Rb1 Bf8 16. f5 Ne7 17. Ne1 h5 18. fxe6 fxe6 19. Rf7 Bh6 20. Qg1 Qd8 21. Nf1 Qe8 22. Rf2 h4 23. Re2 h3 24. g3 Bg7 25. Bf4 Rh5 26. Nd2 a6 27. b4 c4 28. Bc2 b5 29. a4 Nc6 30. axb5 axb5 31. Qf2 Rf8 32. Qg1 Rhh8 33. Ra1 Kc7 34. Nb1 Qe7 35. Bg6 Ra8 36. Rxa8 Bxa8 37. Na3 Kb6 38. Qf2 Nf8 39. Bb1 Nh7 40. Bxh7 Rxh7 41. Kg1 Rh8 42. Ra2 Bb7 43. Qe2 Ra8 44. Nec2 Qf7 45. Qxg4 Rh8 46. Ne3 Bf8 47. Rf2 Qd7 48. Bg5 Bc8 49. Nac2 Qa7 50. Nxd5+ exd5 51. Qxc8 Bg7 52. Qe6 Qa2 53. Ne3 Bf8 54. Rxa2 1-0

[Event "Puerto del Rosario op U2300 "]
[Site "Puerto del Rosario"]
[Date "2018.09.28"]
[Round "4"]
[White "Kraus, Oliver"]
[Black "Hernandez Guerra, Luna Yue"]
[Result "1-0"]
[WhiteElo "2044"]
[BlackElo "1720"]
[PlyCount "83"]
[EventDate "2018.09.27"]
[EventType "swiss"]
[EventRounds "7"]
[EventCountry "ESP"]
[SourceTitle "CBM 187 Extra"]
[Source "ChessBase"]
[SourceDate "2018.11.04"]
[SourceVersion "1"]
[SourceVersionDate "2018.11.04"]
[SourceQuality "1"]

1. e4 c5 2. Nf3 e6 3. d4 cxd4 4. Nxd4 a6 5. Bd3 Qb6 6. Nb3 Qc7 7. 0-0 b5 8. a4 b4 9. a5 d6 10. Be3 Nd7 11. N1d2 Ngf6 12. f4 d5 13. e5 Ng8 14. Bd4 Bc5 15. Nxc5 Nxc5 16. Nb3 Nd7 17. f5 Nxe5 18. fxe6 Bxe6 19. Qh5 Nxd3 20. cxd3 Ne7 21. Rac1 Qd8 22. Bxg7 Rg8 23. Qxh7 d4 24. Nc5 Qd5 25. Nxe6 fxe6 26. g3 Kd7 27. Bf6 Rge8 28. Rc4 e5 29. Rfc1 Ra7 30. Qh3+ Qe6 31. Rc7+ Rxc7 32. Rxc7+ Kd6 33. Qxe6+ Kxe6 34. Rxe7+ Rxe7 35. Bxe7 Kxe7 36. Kf2 Kf6 37. Kf3 Ke6 38. Ke4 Kd6 39. g4 Kc5 40. Kxe5 Kb5 41. Kxd4 Kxa5 42. g5 1-0

[Event "Las Palmas Montalvo Memorial 11th"]
[Site "Las Palmas"]
[Date "2018.03.26"]
[Round "4"]
[White "Rodriguez Melian, Jose Luis"]
[Black "Hernandez Guerra, Luna Yue"]
[Result "1-0"]
[WhiteElo "2079"]
[BlackElo "1671"]
[PlyCount "129"]
[EventDate "2018.03.24"]
[EventType "swiss"]
[EventRounds "9"]
[EventCountry "ESP"]
[SourceTitle "CBM 183 Extra"]
[Source "ChessBase"]
[SourceDate "2018.04.19"]
[SourceVersion "1"]
[SourceVersionDate "2018.04.19"]
[SourceQuality "1"]

1. d4 f5 2. c4 Nf6 3. g3 g6 4. Bg2 Bg7 5. Nh3 d6 6. 0-0 c6 7. b3 0-0 8. Bb2 Na6 9. Nd2 h6 10. Nf4 g5 11. Nd3 Qc7 12. f4 Ng4 13. fxg5 hxg5 14. Qc1 e5 15. e4 Ne3 16. dxe5 dxe5 17. Re1 f4 18. Nf3 Nxg2 19. Kxg2 Qd7 20. Nf2 Qe7 21. g4 Bd7 22. Rd1 b6 23. Qd2 Rad8 24. Qd6 Qxd6 25. Rxd6 Bxg4 26. Rad1 Bxf3+ 27. Kxf3 Rxd6 28. Rxd6 Nb4 29. Rg6 Kf7 30. Rxg5 Re8 31. a3 Nc2 32. Nd3 Bf6 33. Nxe5+ Rxe5 34. Rxe5 Bxe5 35. Bxe5 Nxa3 36. Kxf4 Nc2 37. Bc3 c5 38. h4 Nb4 39. h5 Nc6 40. e5 Ne7 41. Ke4 a6 42. Bd2 Ke6 43. Bg5 Nc6 44. h6 Nxe5 45. Bd8 b5 46. h7 Nf7 47. Bh4 bxc4 48. bxc4 Nh8 49. Bg3 Nf7 50. Bf4 a5 51. Bd2 a4 52. Kf4 Kf6 53. Bc3+ Ke6 54. h8Q Nxh8 55. Bxh8 Kd6 56. Ke4 a3 57. Ba1 Ke6 58. Bc3 Kd6 59. Kf5 Kd7 60. Ke5 Kc7 61. Kd5 Kb6 62. Bg7 Kb7 63. Kxc5 Kc7 64. Be5+ Kd7 65. Kb6 1-0

[Event "Las Palmas Insular-chT Segunda 1718"]
[Site "Las Palmas"]
[Date "2017.10.28"]
[Round "1.3"]
[White "Diaz Medina, Angelo"]
[Black "Hernandez Guerra, Luna Yue"]
[Result "0-1"]
[WhiteElo "1404"]
[BlackElo "1671"]
[PlyCount "64"]
[EventDate "2017.10.28"]
[EventType "team-swiss"]
[EventRounds "9"]
[EventCountry "ESP"]
[SourceTitle "EXT 2019"]
[Source "ChessBase"]
[SourceDate "2018.10.10"]
[SourceVersion "1"]
[SourceVersionDate "2018.10.10"]
[SourceQuality "1"]
[WhiteTeam "Sociedad La Montana IV"]
[BlackTeam "Panaderia Pulido San Mateo"]
[WhiteTeamCountry "ESP"]
[BlackTeamCountry "ESP"]

1. e4 e6 2. d4 d5 3. e5 c5 4. c3 Nc6 5. Nf3 Bd7 6. a3 Qc7 7. b4 c4 8. Bf4 h6 9. h4 0-0-0 10. Nbd2 f6 11. Qc2 f5 12. 0-0-0 Qb6 13. Be2 a5 14. Qb2 Na7 15. Nf1 Kc7 16. Ne3 Ne7 17. Nd2 Qa6 18. Nc2 Nec8 19. Nb1 Nb6 20. bxa5 Na4 21. Qa2 Qxa5 22. Bd2 Nb6 23. Nb4 Ba4 24. Rde1 Bb3 25. Qa1 Nb5 26. Bd1 Ra8 27. Bxb3 cxb3 28. Qb2 Qa4 29. Nd3 Nc4 30. Qa1 Nbxa3 31. Nb2 Nxb2 32. Qxb2 Nc4 0-1

[Event "Gran Canaria-ch U16"]
[Site "Gran Canaria"]
[Date "2017.03.05"]
[Round "5.2"]
[White "Sanabria Taskila, Jenny Maria"]
[Black "Hernandez Guerra, Luna Yue"]
[Result "1-0"]
[WhiteElo "1544"]
[BlackElo "1531"]
[PlyCount "113"]
[EventDate "2017.03.03"]
[EventType "swiss"]
[EventRounds "5"]
[EventCountry "ESP"]
[SourceTitle "EXT 2024"]
[Source "ChessBase"]
[SourceDate "2023.10.10"]
[SourceVersion "1"]
[SourceVersionDate "2023.10.10"]
[SourceQuality "1"]

1. e4 c5 2. Nf3 Nc6 3. d4 cxd4 4. Nxd4 Nf6 5. Nc3 e5 6. Ndb5 d6 7. Bg5 a6 8. Na3 b5 9. Nd5 Be7 10. Bxf6 Bxf6 11. c3 0-0 12. Nc2 Bg5 13. a4 bxa4 14. Rxa4 a5 15. Bc4 Kh8 16. Nce3 Bxe3 17. Nxe3 Rb8 18. b3 Ne7 19. Ra2 f5 20. exf5 Nxf5 21. Nxf5 Bxf5 22. Rd2 Rf6 23. 0-0 Rh6 24. Qf3 Qg5 25. Qe3 Qh5 26. h3 Rg6 27. Bf7 Rxg2+ 28. Kxg2 Qxf7 29. Rxd6 Qb7+ 30. Kh2 Qb5 31. Rg1 Re8 32. c4 Qb8 33. c5 e4 34. Qg3 Bg6 35. Rgd1 Kg8 36. Rd7 Qxg3+ 37. Kxg3 e3 38. Rd8 e2 39. Rxe8+ Bxe8 40. Re1 Bb5 41. Kf3 Kf7 42. Ke3 Ke6 43. Kd2 Kd5 44. Rc1 Kc6 45. Rc3 g6 46. Rc2 h6 47. Ra2 Kxc5 48. Rxa5 Kb4 49. Rxb5+ Kxb5 50. Kxe2 Kb4 51. Ke3 Kxb3 52. Ke4 Kc4 53. f4 Kc5 54. Ke5 Kc6 55. Kf6 g5 56. f5 Kd6 57. Kg7 1-0

[Event "Las Palmas Insular-chT Segunda-A 1617"]
[Site "Las Palmas"]
[Date "2017.01.21"]
[Round "9.3"]
[White "Perez Garcia, Pedro Manuel"]
[Black "Hernandez Guerra, Luna Yue"]
[Result "0-1"]
[WhiteElo "1737"]
[BlackElo "1557"]
[PlyCount "54"]
[EventDate "2016.10.22"]
[EventType "team-tourn"]
[EventRounds "14"]
[EventCountry "ESP"]
[SourceTitle "EXT 2018"]
[Source "ChessBase"]
[SourceDate "2017.10.13"]
[SourceVersion "1"]
[SourceVersionDate "2017.10.13"]
[SourceQuality "1"]
[WhiteTeam "Villa de Teror IV"]
[BlackTeam "Guia Univac III"]
[WhiteTeamCountry "ESP"]
[BlackTeamCountry "ESP"]

1. c4 f5 2. Nc3 Nf6 3. d3 g6 4. g3 Bg7 5. Bg2 d6 6. d4 0-0 7. Nf3 c6 8. 0-0 Qe8 9. Re1 e5 10. Bg5 Nbd7 11. Qd2 e4 12. Bxf6 Bxf6 13. Ng5 e3 14. Qxe3 Qxe3 15. fxe3 Bxg5 16. e4 Be3+ 17. Kh1 Bxd4 18. Rad1 Bxc3 19. bxc3 Ne5 20. Rxd6 Nxc4 21. Rd3 Be6 22. Rb1 b6 23. e3 Rad8 24. Rbd1 Rxd3 25. Rxd3 fxe4 26. Bxe4 Bd5 27. Rxd5 Nxe3 0-1

[Event "Las Palmas Insular-chT Segunda-A 1617"]
[Site "Las Palmas"]
[Date "2016.12.17"]
[Round "7.2"]
[White "Roca Marrero, Fernando"]
[Black "Hernandez Guerra, Luna Yue"]
[Result "0-1"]
[WhiteElo "1456"]
[BlackElo "1557"]
[PlyCount "142"]
[EventDate "2016.10.22"]
[EventType "team-tourn"]
[EventRounds "14"]
[EventCountry "ESP"]
[SourceTitle "EXT 2018"]
[Source "ChessBase"]
[SourceDate "2017.10.13"]
[SourceVersion "1"]
[SourceVersionDate "2017.10.13"]
[SourceQuality "1"]
[WhiteTeam "San Mateo Servitel"]
[BlackTeam "Guia Univac III"]
[WhiteTeamCountry "ESP"]
[BlackTeamCountry "ESP"]

1. d4 f5 2. Bf4 Nf6 3. e3 g6 4. Nf3 Bg7 5. Bc4 d5 6. Bb3 0-0 7. h3 Nc6 8. Nc3 Na5 9. 0-0 b6 10. Qe2 Nc6 11. Ba4 Na5 12. Ne5 a6 13. Nc6 Nxc6 14. Bxc6 Ra7 15. a4 e6 16. b4 Bd7 17. Bxd7 Qxd7 18. b5 a5 19. Nd1 c6 20. bxc6 Qxc6 21. f3 Rc8 22. c3 Nd7 23. Nb2 e5 24. dxe5 Nxe5 25. Rac1 Nc4 26. Nxc4 Qxc4 27. Qd1 Rd7 28. Rf2 Bf6 29. Rb2 Rc6 30. Rb5 g5 31. Bg3 d4 32. Be5 d3 33. Qd2 Qxa4 34. Rcb1 Qc2 35. Rd1 Qxd2 36. Rxd2 Bxe5 37. Rxe5 Rxc3 38. Kf1 Rc5 39. Re6 b5 40. e4 a4 41. Kf2 f4 42. Ra6 Rc3 43. Ra5 a3 44. Rxb5 Rc2 45. Rxg5+ Kh8 46. Ke1 a2 47. Ra5 Rc1+ 48. Rd1 d2+ 49. Ke2 Rc2 50. e5 Kg7 51. h4 Kf7 52. Ra6 Ke7 53. h5 Rd5 54. h6 Kd7 55. e6+ Ke7 56. Ra7+ Kxe6 57. Ra6+ Kd7 58. Ra7+ Kc6 59. Ra8 Kb7 60. Ra4 Kb6 61. Ra3 Re5+ 62. Kd3 Re3+ 63. Kxc2 Rxa3 64. Ra1 Kc5 65. Kxd2 Kd4 66. Kc2 Ke3 67. Kb2 Ra6 68. Rxa2 Rxa2+ 69. Kxa2 Kf2 70. g4 fxg3 71. f4 g2 0-1

[Event "Las Palmas Insular-chT Primera-B 1617"]
[Site "Las Palmas"]
[Date "2016.12.03"]
[Round "6.4"]
[White "Falcon Alvarado, Miguel Angel"]
[Black "Hernandez Guerra, Luna Yue"]
[Result "0-1"]
[WhiteElo "1642"]
[BlackElo "1557"]
[PlyCount "51"]
[EventDate "2016.10.22"]
[EventType "team-tourn"]
[EventRounds "14"]
[EventCountry "ESP"]
[SourceTitle "EXT 2018"]
[Source "ChessBase"]
[SourceDate "2017.10.13"]
[SourceVersion "1"]
[SourceVersionDate "2017.10.13"]
[SourceQuality "1"]
[WhiteTeam "Anand III"]
[BlackTeam "Guia Univac II"]
[WhiteTeamCountry "ESP"]
[BlackTeamCountry "ESP"]

1. e4 e6 2. d4 d5 3. exd5 exd5 4. Bf4 Nf6 5. Bd3 Be7 6. h3 Be6 7. Nf3 Nbd7 8. c3 c5 9. Nbd2 Qb6 10. b3 Rc8 11. 0-0 0-0 12. Re1 cxd4 13. cxd4 Bb4 14. a3 Bc3 15. Ra2 Bxd4 16. Nf1 Bc3 17. Be3 Qd6 18. Ree2 Nc5 19. b4 Nxd3 20. Qxd3 d4 21. Rac2 Bc4 22. Qd1 Bxe2 23. Rxe2 Qc7 24. Bxd4 Rfd8 25. Rc2 Rd6 26. Ng3 0-1